| 000 | 00322nam a2200085Ia 4500 | ||
|---|---|---|---|
| 245 | 0 | _aThe National Credit Act and Consumer Protection Act : a guide for credit providers and suppliers | |
| 100 |
_a Tennant, Sarah-Lynn Claremont [South Africa], 2011 _940286 |
||
| 942 | _cBK | ||
| 008 | 210817s9999 xx 000 0 und d | ||
| 999 |
_c325296 _d325294 |
||